LEADER 00981nam a2200241 i 4500 001 000000077019 003 CaOOAMICUS 005 20241205125847.0 008 010808s1988 it u000 u ita u 020 $a88-16-30154-6 040 $aSeMil$bita 245 10$a2: 1945-1965 :$bverso il Concilio Vaticano 2. 300 $a356 p. ;$c25 cm 490 1 $aGià e non ancora ;$v154 650 4$aConcilio Vaticano II <1962-1965> - Storia.$0(OLS)http://semarc/subject/547 773 0 $aPenco, Gregorio $tStoria della Chiesa in Italia nell'età contemporanea.$gVolume2$w()6442 830 0$aGià e non ancora ;$v154.$0(OLS)http://semarc/title/5902 850 $aSeMil 852 $aSeMil$W1$xVenegono$y1$mSL1.F V 18$j230287$B43171$CSeMilBibl$Z2$F43425 $8I 961 $aOmaggio: Autore 996 $6020$a88-16-30154-6$9(OLS)http://semarc/number/58372 996 $6245$a2: 1945-1965 :$bverso il Concilio Vaticano 2$9(OLS)http://semarc/title/124981 LEADER 00468nab a2200145 i 4500 001 000000281367 003 CaOOAMICUS 005 20180831165200.0 008 180831n xx uu u0 0und r 013 $a33922 040 $aSeMil$bita 245 10$a[vedi periodico]. 500 $aAprile 1989, inserto redazionale. 773 0 $aMacioce, Stefania$tGotico internazionale.$dFirenze : Giunti, 1989.$z88-09-76098-0$w()231241 996 $6245$a[vedi periodico]$9(OLS)http://semarc/title/309439